| 000 -ლიდერი |
| ფიქსირებული სიგრძის საკონტროლო ველი |
01853nam a2200277Ia 4500 |
| 001 - საკონტროლო ნომერი |
| საკონტროლო ველი |
20540 |
| 003 - საკონტროლო ნომრის იდენტიფიკატორი |
| საკონტროლო ველი |
GE_BSU |
| 005 - ბოლო ოპერაციის თარიღი და დრო |
| საკონტროლო ველი |
20210120234141.0 |
| 008 - ფიქსირებული სიგრძის მონაცემთა ელემენტები - ზოგადი ინფორმაცია |
| ფიქსირებული სიგრძის საკონტროლო ველი |
181216s2016||||ge |||||||||||||| || || |
| 020 ## - წიგნის საერთაშორისო სტანდარტული ნომერი |
| International Standard Book Number |
9789941457654 |
| 040 ## - კატალოგიზაციის წყარო |
| Transcribing agency |
GE_BSU |
| 041 ## - ენის კოდი |
| Language code of text/sound track or separate title |
geo |
| 080 ## - უნივერსალური ათობითი კლასიფიკაციის ინდექსი |
| Universal Decimal Classification number |
378(479.22) ლ-46 |
| 100 ## - მთავარი ჩანაწერი - პიროვნების სახელი |
| Personal name |
ლეჟავა, დიანა |
| 9 (RLIN) |
10066 |
| 245 ## - ცნობა სათაურის შესახებ |
| Title |
ბოლონიის პროცესის შეფასება საქართველოში : |
| Remainder of title |
ძირითადი მიღწევები და გამოწვევები / |
| Statement of responsibility, etc |
დიანა ლეჟავა, მარიამ ამაშუკელი ; სამეცნიერო რედაქტორი ლია წულაძე ; ენობრივი რედაქტორი ლალი ქადაგიძე. |
| 264 ## - წარმოების, გამოცემის, დისტრიბუციის და სხვა ცნობები |
| გამოცემის, წარმოების, დისტრიბუციის... ადგილი |
თბილისი : |
| გამოცემის, წარმოების, დისტრიბუციის... სახელწოდება |
სოციალურ მეცნიერებათა ცენტრი, |
| გამოცემის, წარმოების, დისტრიბუციის... თარიღი |
2016. |
| 300 ## - ფიზიკური აღწერა |
| Extent |
178 გვ. ; |
| Dimensions |
20 სმ. |
| 520 ## - SUMMARY, ETC. |
| Summary, etc |
გამოცემულია ფონდ ”ღია საზოგადოება - საქართველოს” ფინანსური მხარდაჭერით |
| 653 ## - INDEX TERM--UNCONTROLLED |
| Uncontrolled term |
განათლება |
| 653 ## - INDEX TERM--UNCONTROLLED |
| Uncontrolled term |
ბოლონიის პროცესის შეფასება საქართველოში |
| 653 ## - INDEX TERM--UNCONTROLLED |
| Uncontrolled term |
ძირითადი მიღწევები და გამოწვევები |
| 700 ## - ADDED ENTRY--PERSONAL NAME |
| Personal name |
ამაშუკელი, მარიამ |
| Relator term |
ავტორი |
| 9 (RLIN) |
10067 |
| 700 ## - ADDED ENTRY--PERSONAL NAME |
| Personal name |
წულაძე, ლია |
| Relator term |
სამეცნიერო რედაქტორი |
| 9 (RLIN) |
10068 |
| 700 ## - ADDED ENTRY--PERSONAL NAME |
| Personal name |
ქადაგიძე, ლალი |
| Relator term |
ენობრივი რედაქტორი |
| Fuller form of name |
|
| 9 (RLIN) |
10069 |
| 942 ## - ADDED ENTRY ELEMENTS (KOHA) |
| Koha item type |
წიგნი |
| Source of classification or shelving scheme |
|